[Event "Najdorf Mem Open A"]
[Site "Warsaw POL"]
[Date "2010.07.24"]
[Round "8"]
[White "Bernasek,J"]
[Black "Krysztofiak,M"]
[Result "0-1"]
[WhiteElo "2514"]
[BlackElo "2436"]

1.d4 d5 2.c4 c6 3.Nf3 Nf6 4.e3 e6 5.Nc3 Nbd7 6.Bd3 dxc4 7.Bxc4 b5 8.Bd3 Bd6
9.a3 a6 10.e4 e5 11.Ne2 O-O 12.O-O Re8 13.Bg5 Qb6 14.Rc1 exd4 15.Nexd4 c5
16.Nf5 Bf8 17.Re1 c4 18.Bb1 Ng4 19.Ne3 Nxe3 20.Bxe3 Bc5 21.e5 Bxe3 22.Rxe3 Nf8
23.Ng5 h6 24.Qf3 Ra7 25.Nh3 Qd4 26.Qe2 Bxh3 27.gxh3 Rae7 28.Re1 Rd8 29.Bc2 Qd2
30.f4 Qxe2 31.R1xe2 Ne6 32.Rf2 Nd4 33.Be4 a5 34.Kg2 b4 35.Rd2 Red7 36.axb4 Nf5
37.Bxf5 Rxd2+ 38.Kf3 axb4 39.e6 fxe6 40.Bxe6+ Kh8 41.Bxc4 Rxb2 42.Kg4 Rc2
43.Bf7 Rc3 44.Re7 Rb8 45.f5 b3 46.f6 gxf6  0-1

[Event "ch-AUT"]
[Site "Vienna AUT"]
[Date "2010.07.25"]
[Round "2"]
[White "Platzgummer,F"]
[Black "Sandhoefner,F"]
[Result "1/2-1/2"]
[WhiteElo "2351"]
[BlackElo "2229"]

1.Nf3 d5 2.e3 Nf6 3.c4 c6 4.Nc3 e6 5.d4 Nbd7 6.Qc2 Bd6 7.b3 O-O 8.Be2 dxc4
9.bxc4 e5 10.O-O Re8 11.a4 Qe7 12.a5 a6 13.Nd2 Nf8 14.Bf3 Ng6 15.d5 cxd5
16.Bxd5 Qc7 17.Nde4 Nxd5 18.Nxd5 Qc6 19.Nxd6 Qxd6 20.Ba3 Qc6 21.Rab1 Be6
22.Rb6 Bxd5 23.Rxc6 Bxc6 24.f3 Rad8 25.Rd1 f6 26.Rd6 Rxd6 27.Bxd6 Nf8 28.Kf2 Ne6
29.h4 g6 30.g4 Kf7 31.Qb2 Rd8 32.c5 Rd7 33.f4 exf4 34.exf4 Nc7 35.f5 Nd5
36.fxg6+ hxg6 37.h5 gxh5 38.gxh5 Rd8 39.Qb3 Rg8 40.Qh3 Kg7 41.Qe6 Kh7 42.Kf1 Bb5+
43.Kf2 Bc6 44.h6 Re8 45.Qf5+  1/2-1/2

[Event "TCh-MNE Premier League"]
[Site "Cetinje MNE"]
[Date "2010.07.26"]
[Round "3"]
[White "Djukanovic,S"]
[Black "Draganic,V"]
[Result "1/2-1/2"]
[WhiteElo "2290"]
[BlackElo "2263"]

1.d4 d5 2.c4 c6 3.e3 Nf6 4.Nc3 e6 5.Nf3 Nbd7 6.Bd3 dxc4 7.Bxc4 b5 8.Bd3 Bd6
9.O-O O-O 10.a3 Bb7 11.Qc2 a5 12.e4 e5 13.Ne2 exd4 14.Nexd4 Ne5 15.Nxe5 Bxe5
16.Nf3 Qb8 17.Bd2 c5 18.Qxc5 Bxb2 19.Rae1 Qc8 20.Qxb5 Ba6 21.Qxb2 Bxd3 22.Rc1  1/2-1/2

[Event "21st Czech GM Open"]
[Site "Pardubice CZE"]
[Date "2010.07.26"]
[Round "4"]
[White "Polak,T"]
[Black "Klovans,J"]
[Result "1/2-1/2"]
[WhiteElo "2544"]
[BlackElo "2444"]

1.d4 d5 2.c4 e6 3.Nc3 Nf6 4.Nf3 c6 5.e3 Nbd7 6.Qc2 Bd6 7.g4 h6 8.Bd2 Qe7
9.Rg1 e5 10.cxd5 Nxd5 11.Ne4 Bb4 12.O-O-O exd4 13.Nxd4 Bxd2+ 14.Rxd2 Nb4
15.Nf5 Nxc2 16.Ned6+ Kf8 17.Nxe7 Kxe7 18.Nf5+ Kf8 19.Kxc2 g6 20.Nd6 Ke7 21.Bg2 Rd8
22.Nc4 Nf6 23.Rxd8 Kxd8 24.h3 Be6 25.Na5 Kc7 26.Rd1 Re8 27.Rd4 g5 28.Nb3 b6
29.Nd2 c5 30.Rd3 Rd8  1/2-1/2

[Event "21st Czech GM Open"]
[Site "Pardubice CZE"]
[Date "2010.07.26"]
[Round "4"]
[White "Vidit,S"]
[Black "Feher,Ad"]
[Result "1/2-1/2"]
[WhiteElo "2492"]
[BlackElo "2319"]

1.d4 d5 2.c4 c6 3.Nf3 Nf6 4.Nc3 e6 5.e3 Nbd7 6.Qc2 Bd6 7.Bd3 O-O 8.O-O dxc4
9.Bxc4 b5 10.Be2 Bb7 11.Rd1 Qc7 12.e4 e5 13.Bg5 exd4 14.Rxd4 Ne5 15.g3 Bc5
16.Rd2 Nfg4 17.Nd1 Bb4 18.Rd4 Ba5 19.Nxe5 Qxe5 20.Rd7 Bc8 21.Bf4 Qh5 22.Bxg4 Qxg4
23.Rd3 Be6 24.Ne3 Qh5 25.Rad1 Bb6 26.Nf5 Bxf5 27.exf5 Qxf5 28.Qxc6 Rac8 29.Qd5 Qxd5
30.Rxd5 Rc2 31.R1d2 Rxd2  1/2-1/2

[Event "21st Czech GM Open"]
[Site "Pardubice CZE"]
[Date "2010.07.26"]
[Round "4"]
[White "Kozak,Mi"]
[Black "Iskusnyh,S"]
[Result "0-1"]
[WhiteElo "2213"]
[BlackElo "2480"]

1.d4 d5 2.c4 e6 3.Nf3 Nf6 4.Nc3 c6 5.e3 a6 6.c5 b6 7.cxb6 Nbd7 8.Na4 Nxb6
9.Bd2 Nxa4 10.Qxa4 Bd7 11.Ne5 c5 12.Nxd7 Qxd7 13.Qxd7+ Kxd7 14.dxc5 Bxc5
15.Bd3 Rab8 16.Bc3 Bb4 17.Bxb4 Rxb4 18.Rb1 a5 19.O-O Rc8 20.Rfd1 Ke7 21.Rd2 Nd7
22.Rc2 Rcb8 23.Kf1 Kd6 24.b3 Nc5 25.Rc3 a4 26.Bc2 axb3 27.Bxb3 Ra8 28.Rbc1 Ra5
29.f3 g5 30.g4 h5 31.h3 h4 32.Kg1 Rb6 33.Kf1 f6 34.Kg1 Nxb3 35.axb3 Ra2 36.Rb1 Rba6
37.b4 Re2 38.b5 Raa2 39.Rcb3 Rg2+ 40.Kh1 Kc7 41.Rc3+ Kb7 42.Rc6 Rh2+ 43.Kg1 Rag2+
44.Kf1 Rf2+ 45.Kg1 Rhg2+ 46.Kh1 Rh2+ 47.Kg1 Rfg2+ 48.Kf1 Rg3 49.Rb3 Rh1+
50.Ke2 Rg2+ 51.Kd3 Rd1+ 52.Kc3 Rc1+ 53.Kd3 Rxc6 54.bxc6+ Kxc6 55.Rb8 Rf2  0-1

[Event "21st Czech GM Open"]
[Site "Pardubice CZE"]
[Date "2010.07.26"]
[Round "4"]
[White "Stella,A"]
[Black "Krejci,Jan2"]
[Result "1-0"]
[WhiteElo "2310"]
[BlackElo "2463"]

1.Nf3 Nf6 2.c4 e6 3.Nc3 d5 4.d4 c6 5.e3 Nbd7 6.Qc2 Bd6 7.Bd3 O-O 8.O-O b6
9.e4 dxc4 10.Bxc4 e5 11.d5 Bb7 12.Bg5 h6 13.Rad1 Qc7 14.dxc6 Bxc6 15.Qd3 Bc5
16.Bxf6 Nxf6 17.Nd5 Bxd5 18.Bxd5 Rad8 19.Qb3 Nxd5 20.Rxd5 Rxd5 21.Qxd5 Rd8
22.Qb3 Qc6 23.Qxf7+ Kxf7 24.Nxe5+ Ke6 25.Nxc6 Rd2 26.b4 Bf8 27.f4 Rxa2 28.Rd1 a5
29.f5+ Kf7 30.Rd7+ Ke8 31.Rd8+ Kf7 32.bxa5 Bc5+ 33.Kf1 bxa5 34.Rd5 Be3 35.Ne5+ Ke8
36.Nc4 Bf4 37.Rxa5 Rc2 38.Rc5 Ke7 39.g3 Be3 40.Re5+  1-0

[Event "15th Open"]
[Site "Balaguer ESP"]
[Date "2010.07.27"]
[Round "9"]
[White "Fluvia Poyatos,Jor"]
[Black "Corrales Jimenez,F"]
[Result "0-1"]
[WhiteElo "2467"]
[BlackElo "2574"]

1.d4 d5 2.c4 c6 3.Nc3 Nf6 4.e3 e6 5.Nf3 Nbd7 6.Bd3 dxc4 7.Bxc4 b5 8.Bd3 Bd6
9.O-O O-O 10.Ne4 Nxe4 11.Bxe4 Bb7 12.Qc2 f5 13.Bd3 c5 14.Be2 cxd4 15.exd4 Bd5
16.Re1 h6 17.Qd3 b4 18.Bd1 Nb6 19.Ne5 Rc8 20.Qg3 Bxe5 21.dxe5 Kh8 22.Be3 Nc4
23.Bb3 Nxb2 24.Qg6 f4 25.Bxa7 Rf5 26.h4 Nd3 27.Rad1 Bxb3 28.axb3 Qd5 29.Rxd3 Qxd3
30.Qxe6 Rff8 31.Qd6 Qc3 32.Rd1 Rfe8 33.e6 Qxb3 34.Rd4 Qa2 35.Qd7 b3 36.Rd1 Qe2
37.Rb1 Rcd8 38.Qf7 Rxe6 39.Bd4 Rxd4 40.Qf8+ Kh7 41.Qf5+ Kg8  0-1

[Event "MTO"]
[Site "Biel SUI"]
[Date "2010.07.27"]
[Round "8"]
[White "Paikidze,N"]
[Black "De Filomeno,S"]
[Result "1-0"]
[WhiteElo "2346"]
[BlackElo "2250"]

1.d4 d5 2.Nf3 c6 3.c4 Nf6 4.Nc3 e6 5.e3 Nbd7 6.Qc2 Bd6 7.b3 O-O 8.Be2 e5
9.cxd5 cxd5 10.Nb5 Bb4+ 11.Bd2 Bxd2+ 12.Nxd2 a6 13.dxe5 Nxe5 14.Nd4 Bg4 15.Bxg4 Nfxg4
16.h3 Rc8 17.Qb1 Nf6 18.O-O g6 19.N2f3 Nxf3+ 20.Nxf3 Qa5 21.Qd3 Qc3 22.Qd4 Qxd4
23.Nxd4 Rc3 24.Rfc1 Rfc8 25.Rxc3 Rxc3 26.Kf1 Kf8 27.Ke2 Ke7 28.f3 Kd6 29.Kd2 Rc8
30.a4 Nd7 31.g4 h6 32.h4 Ne5 33.Rh1 Nc6 34.h5 Nxd4 35.exd4 g5 36.Re1 f6 37.a5 Rf8
38.Rb1 f5 39.gxf5 Rxf5 40.Ke3 Rf8 41.b4 Re8+ 42.Kf2 b5 43.axb6 Rb8 44.f4 Rf8
45.Rc1 Rxf4+ 46.Ke3 Re4+ 47.Kd3 Re7 48.Rf1 Re6 49.Rf7 Kc6 50.b7 Re8 51.Rf6+ Kxb7
52.Rxh6 g4 53.Rg6 Re1 54.h6 Rh1 55.Ke3 Rh3+ 56.Kf4 g3 57.Kf3 Rh1 58.Kg2 Rh5
59.Kxg3 Rh1 60.Kf4 Kc7 61.Rxa6 Kd7 62.h7 Rf1+ 63.Ke5 Rf8 64.Kxd5 Kc7 65.Rg6 Rh8
66.Rg7+ Kb6 67.Ke6  1-0

[Event "21st Czech GM Open"]
[Site "Pardubice CZE"]
[Date "2010.07.27"]
[Round "5"]
[White "Jorczik,J"]
[Black "Durarbeyli,V"]
[Result "1-0"]
[WhiteElo "2389"]
[BlackElo "2501"]

1.d4 d5 2.c4 c6 3.Nc3 Nf6 4.e3 e6 5.Nf3 Nbd7 6.Qc2 Bd6 7.b3 O-O 8.Be2 Re8
9.O-O e5 10.cxd5 cxd5 11.Nb5 Bb8 12.Ba3 e4 13.Nd2 Nf8 14.Rfc1 Ne6 15.Nc3 h5
16.Nf1 h4 17.h3 Ng5 18.Nb5 Nxh3+ 19.gxh3 Bxh3 20.Nc7 Nh7 21.f4 exf3 22.Bxf3 Qg5+
23.Kh1 Rc8 24.Qh2 Bxf1 25.Nxa8 Bxh2 26.Rxc8+ Nf8 27.Rxf8+ Kh7 28.Rxf1 Qg3
29.Bg2 h3 30.Bxd5 Qxe3 31.R8xf7 Qxd4 32.R7f5 g6 33.Rf7+ Kh6 34.Bc1+ g5 35.R1f6+ Kh5
36.Rh7+ Kg4 37.Be6+  1-0

[Event "21st Czech GM Open"]
[Site "Pardubice CZE"]
[Date "2010.07.27"]
[Round "5"]
[White "Potapov,Alexa1"]
[Black "Cerveny,M"]
[Result "1-0"]
[WhiteElo "2426"]
[BlackElo "2318"]

1.d4 d5 2.c4 c6 3.Nc3 Nf6 4.e3 e6 5.Nf3 Nbd7 6.Bd3 dxc4 7.Bxc4 b5 8.Bd3 Bb7
9.O-O a6 10.a3 Be7 11.b4 a5 12.Rb1 axb4 13.axb4 Nd5 14.Nxd5 exd5 15.Qc2 Qc7
16.Bxb5 Qb6 17.Bd3 g6 18.Bd2 O-O 19.Bc3 Ba6 20.Ra1 Rfb8 21.Bxa6 Rxa6 22.Rxa6 Qxa6
23.Ra1 Qb5 24.Ra7 Rb7 25.Qa4 Qb6 26.Rxb7 Qxb7 27.Nd2 f5 28.Qa5 Kf7 29.g3 h5
30.h4 Ke6 31.Nf3 Bf6 32.Kg2 Be7 33.Ne1 Nb8 34.Nd3 Nd7 35.Nc5+ Nxc5 36.dxc5 Kd7
37.Qa1 Ke6 38.Qd1 Bf6 39.Bxf6 Kxf6 40.Qa1+ Kf7 41.Qe5 Qb5 42.Qc7+ Kf6 43.Kh2 Qa4
44.Qb7 f4 45.gxf4 Ke6 46.Qc8+ Ke7 47.Qc7+ Kf8 48.Qd8+ Kf7 49.Qd7+ Kf6 50.Qe8 Kg7
51.Qe7+ Kg8 52.f5 gxf5 53.Qg5+ Kf8 54.Qxf5+ Kg7 55.Qe5+ Kg8 56.Qg5+ Kf8 57.Kg3 Qd1
58.Kf4 d4 59.Qd8+ Kf7 60.Qd7+ Kf8 61.Qxd4 Qg4+ 62.Ke5 Qc8 63.Qd6+  1-0

[Event "Open"]
[Site "Szombathely HUN"]
[Date "2010.07.27"]
[Round "1"]
[White "Aczel,G"]
[Black "Oswald,He"]
[Result "1-0"]
[WhiteElo "2382"]
[BlackElo "1981"]

1.d4 d5 2.Nf3 c6 3.c4 Nf6 4.Nc3 e6 5.e3 Nbd7 6.Qc2 Bd6 7.b3 O-O 8.Be2 e5
9.cxd5 Nxd5 10.Nxd5 cxd5 11.dxe5 Nxe5 12.Bb2 Bb4+ 13.Kf1 Nxf3 14.Bxf3 Qg5
15.h4 Qd8 16.Qd3 Qb6 17.h5 Bd7 18.Kg1 Be7 19.h6 g6 20.Qc3 d4 21.Qxd4 Qxd4
22.Bxd4 Bc6 23.Bxc6 bxc6 24.Rc1 Rfc8 25.Rc4 c5 26.Bc3 Rd8 27.g4 Rd1+ 28.Kg2 Rxh1
29.Kxh1 f6 30.Kg2 Rd8 31.Kf3 Rd1 32.Ra4 Rd7 33.Ra6 Kf7 34.Ke2 Rc7 35.f4 c4
36.b4 Rd7 37.Rc6 Rb7 38.Rxc4 a5 39.bxa5 Ra7 40.Rc6 Bd8 41.a6 Be7 42.Bd4  1-0

[Event "ch-AUT"]
[Site "Vienna AUT"]
[Date "2010.07.27"]
[Round "4"]
[White "Ragger,M"]
[Black "Neumeier,K"]
[Result "1-0"]
[WhiteElo "2614"]
[BlackElo "2380"]

1.d4 d5 2.c4 c6 3.Nc3 Nf6 4.e3 e6 5.Nf3 Nbd7 6.Be2 Bd6 7.O-O O-O 8.b3 Ne4
9.Nxe4 dxe4 10.Nd2 f5 11.c5 Bc7 12.f4 exf3 13.Nxf3 Nf6 14.Bd3 Bd7 15.Qe1 Be8
16.Qh4 Bg6 17.Bd2 Qd7 18.Bc4 Rae8 19.Be1 Nd5 20.Bd2 Nf6 21.Qh3 Kh8 22.Be1 Nd5
23.Bg3 f4 24.Bxf4 Nxf4 25.exf4 Rxf4 26.Rad1 Bf5 27.Qg3 Bg4 28.Kh1 Ref8 29.Ne5 Qxd4
30.Qxf4 Qxf4 31.Nxg4 h5 32.Rxf4 Rxf4 33.Ne3 Rf2 34.a4 h4 35.Kg1 Rb2 36.Ng4 h3
37.gxh3 Ba5 38.Bxe6 Bb4 39.Rd8+ Kh7 40.Bf5+ g6  1-0

[Event "GM"]
[Site "Szombathely HUN"]
[Date "2010.07.28"]
[Round "2"]
[White "Baldauf,Marc"]
[Black "Szabo,Krisz1"]
[Result "1/2-1/2"]
[WhiteElo "2363"]
[BlackElo "2523"]

1.Nf3 Nf6 2.c4 c6 3.Nc3 d5 4.e3 e6 5.d4 Nbd7 6.Bd3 dxc4 7.Bxc4 b5 8.Bd3 a6
9.e4 c5 10.e5 cxd4 11.Ne4 Nd5 12.O-O h6 13.a4 b4 14.Bc4 Bb7 15.a5 Nc5 16.Qxd4 Nxe4
17.Qxe4 Bc5 18.Bd2 Qe7 19.Qe2 O-O 20.Rac1 Rfc8 21.Bd3 Qd7 22.Rc4 Bf8 23.Rd4 Qc7
24.Qe4 g6 25.Qh4 Ne7 26.Be4 Bxe4 27.Rxe4 Nf5 28.Qf4 h5 29.Bxb4 Bh6 30.Ng5 f6
31.exf6 Qxf4 32.f7+ Kh8 33.Rxf4 Bxg5 34.Re4 Bh6  1/2-1/2

[Event "ch-AUT"]
[Site "Vienna AUT"]
[Date "2010.07.28"]
[Round "5"]
[White "Lehner,O"]
[Black "Kreisl,R"]
[Result "1/2-1/2"]
[WhiteElo "2416"]
[BlackElo "2373"]

1.d4 d5 2.c4 c6 3.Nc3 Nf6 4.e3 e6 5.Nf3 Nbd7 6.Bd3 dxc4 7.Bxc4 b5 8.Be2 Be7
9.Qc2 Bb7 10.a3 a6 11.b4 a5 12.Rb1 axb4 13.axb4 Bd6 14.O-O O-O 15.Bd2 Re8
16.Ng5 Qe7 17.Nce4 h6 18.Nxd6 Qxd6 19.Nf3 Qd5 20.Ra1 Ne4 21.Rfd1 Nxd2 22.Nxd2 Rxa1
23.Rxa1 Ra8 24.Rxa8+ Bxa8 25.Bf3 Qd6 26.Qa2 Bb7 27.Qa5 Nf6 28.h3 e5 29.Nb3 e4
30.Bd1 Kh7 31.Nc5 Bc8 32.Bc2 Bf5 33.Qa7 Bg6 34.Bb3 Nd5 35.Bxd5 Qxd5 36.Nd7 h5
37.Qc7 Bf5 38.Ne5 f6 39.Nxc6 Qc4 40.Qd6 Qc1+ 41.Kh2 Qc2 42.Qd5 Bg6 43.Qd6 h4
44.d5 Qxf2 45.Qf4 Qxf4+ 46.exf4 Be8 47.Kg1 Kg8 48.Kf2 Kf7 49.Nd4 Bd7 50.f5 g6
51.fxg6+ Kxg6 52.Ke3 f5 53.Kf4 Kf6 54.d6 Kg6 55.Nb3 Kf6 56.Nd4 Kg6 57.g3 hxg3
58.Kxg3 Kf6 59.Kf4 e3 60.h4 Be8 61.Kxe3 Ke5 62.Ne2 Kxd6 63.Kd4 Ke6 64.Nf4+ Kf6
65.Kd5 Bf7+ 66.Kd6 Bc4 67.Nd5+ Kg6 68.Ke5 Kh5 69.Ne3 Kxh4 70.Nxf5+ Kg5 71.Nd6 Bf1
72.Kd5 Kf6 73.Kc5 Ke7 74.Nxb5 Kd7 75.Nd6 Kc7 76.Nc4 Bxc4  1/2-1/2

[Event "Tch-POR 1st Div Final"]
[Site "Vila Nova de Gaia POR"]
[Date "2010.07.28"]
[Round "3"]
[White "Dumitrache,D"]
[Black "Buhmann,R"]
[Result "1/2-1/2"]
[WhiteElo "2462"]
[BlackElo "2573"]

1.d4 d5 2.c4 c6 3.Nf3 Nf6 4.Nc3 e6 5.e3 a6 6.b3 Bb4 7.Bd2 Bd6 8.Bd3 c5 9.O-O Nc6
10.Qe2 O-O 11.Rad1 Qc7 12.dxc5 Bxc5 13.e4 dxc4 14.Bxc4 Bd6 15.Bd3 Re8 16.Kh1 b5
17.Bg5 Bb7 18.Rc1 Bf4 19.Bxf4 Qxf4 20.h3 Nd4  1/2-1/2

[Event "Tch-POR 1st Div Final"]
[Site "Vila Nova de Gaia POR"]
[Date "2010.07.28"]
[Round "5.2"]
[White "Dumitrache,D"]
[Black "Buhmann,R"]
[Result "1/2-1/2"]
[WhiteElo "2462"]
[BlackElo "2573"]

1.d4 d5 2.c4 c6 3.Nf3 Nf6 4.Nc3 e6 5.e3 a6 6.b3 Bb4 7.Bd2 Bd6 8.Bd3 c5 9.O-O Nc6
10.Qe2 O-O 11.Rad1 Qc7 12.dxc5 Bxc5 13.e4 dxc4 14.Bxc4 Bd6 15.Bd3 Rd8 16.Kh1 b5
17.Bg5 Bb7 18.Rc1 Bf4 19.Bxf4 Qxf4 20.h3 Nd4 21.Nxd4 Rxd4 22.Rcd1 Rad8 23.Qc2 Qc7
24.f3 g6 25.Ne2 Qxc2 26.Bxc2 Rd2 27.Kg1 R8d7 28.e5 Nh5 29.Rfe1 g5 30.Kf1 Kg7
31.Rxd2 Rxd2 32.Rc1 Nf4 33.Nxf4 gxf4 34.a3 Bd5 35.b4 h6 36.a4 Bc4+ 37.Kg1 Re2
38.Be4 Rb2 39.axb5 Bxb5 40.Rb1 Rc2 41.h4 f5 42.Bb7 Re2 43.Ra1 Rxe5 44.Bxa6 Bxa6
45.Rxa6 Kf6 46.Rb6 Re1+ 47.Kh2 Ke7 48.b5 Rb1 49.Rb8 Kd6 50.b6 Kc6 51.Rh8 Rxb6
52.Rxh6 Kd5 53.h5 Rb8 54.Rg6 Rh8 55.h6 e5 56.Rf6  1/2-1/2

[Event "MTO"]
[Site "Biel SUI"]
[Date "2010.07.29"]
[Round "10"]
[White "Hauchard,A"]
[Black "Riazantsev,A"]
[Result "1/2-1/2"]
[WhiteElo "2526"]
[BlackElo "2682"]

1.c4 e6 2.Nc3 Nf6 3.Nf3 d5 4.d4 c6 5.e3 a6 6.b3 Bb4 7.Bd2 Nbd7 8.Qc2 O-O
9.Bd3 Bd6 10.O-O b6 11.e4 dxc4 12.Bxc4 e5 13.Rad1 b5 14.Be2 Re8 15.dxe5 Bxe5
16.Nxe5 Nxe5 17.Kh1 Ng6 18.Be3 Qe7 19.f3 Bb7 20.Rfe1 Rac8 21.Bf1 h6 22.Qb2 Red8
23.Rxd8+ Rxd8 24.Rd1 Nd5 25.Bc1 Nxc3 26.Rxd8+ Qxd8 27.Qxc3 Nf8 28.Be3 Qd1
29.Kg1 Ne6 30.b4 Nd8 31.Qd3 Qxd3 32.Bxd3 Bc8 33.Kf2 Nb7 34.Ba7 Be6 35.a3 Nd6
36.Bc2 Nc4 37.a4 f6 38.a5 Kf7 39.Bc5 Na3 40.Bd1 Nc4 41.f4 g6 42.Be2 Ke8 43.g3 h5
44.Bd4 Ke7 45.Bf3 Bd7 46.Bg2 f5 47.Bc5+ Ke6 48.e5 Be8 49.Ke2 Kd7 50.Kd3 Bf7
51.Bd4 Bd5 52.Bxd5 cxd5 53.Bc3 Kc7 54.Kd4 Kc6 55.Kd3 Kd7 56.Bd2 Nb2+ 57.Kc3 Nd1+
58.Kd4 Kc6 59.Be3 Nb2 60.Bc1 Nd1 61.e6 Kd6 62.e7 Kxe7 63.Kxd5 Kd7 64.Bd2 Nf2
65.Be3 Nd3 66.Bc5 Ne1 67.Ke5 Nd3+ 68.Kd4 Nf2 69.Kd5 Nd3 70.Kd4 Nf2 71.Kd5  1/2-1/2

[Event "TCh-MNE Premier League"]
[Site "Cetinje MNE"]
[Date "2010.07.29"]
[Round "6"]
[White "Vulevic,V"]
[Black "Pavlovic,Dej"]
[Result "0-1"]
[WhiteElo "2292"]
[BlackElo "2413"]

1.d4 d5 2.c4 c6 3.e3 Nf6 4.Nc3 e6 5.Nf3 Nbd7 6.b3 Bd6 7.Bd3 O-O 8.O-O b6
9.Bb2 Bb7 10.Qe2 Re8 11.Rfd1 Qe7 12.e4 dxe4 13.Nxe4 Nxe4 14.Qxe4 f5 15.Qe2 c5
16.dxc5 Nxc5 17.Bc2 Rad8 18.h3 g6 19.b4 Ne4 20.a3 Ng5 21.Ne1 h6 22.Qe3 e5
23.Rd2 Kh7 24.Rad1 Nf7 25.Ba4 Rf8 26.Bb3 f4 27.Qc3 Ng5 28.f3 Bc7 29.c5 Rxd2
30.Rxd2 bxc5 31.bxc5 Ne6 32.c6 Bc8 33.Nd3 Bb6+ 34.Kh1 Nd4 35.Nb4 Qh4 36.Rxd4 Bxh3
37.g3 Qxg3 38.Qc2 Qxf3+ 39.Kh2 Qg3+ 40.Kh1 Bxd4 41.Bxd4 exd4  0-1

[Event "21st Czech GM Open"]
[Site "Pardubice CZE"]
[Date "2010.07.29"]
[Round "7"]
[White "Grigoriants,S RUS"]
[Black "Adhiban,B"]
[Result "1/2-1/2"]
[WhiteElo "2566"]
[BlackElo "2483"]

1.Nf3 d5 2.d4 Nf6 3.c4 e6 4.Nc3 c6 5.e3 Nbd7 6.Qc2 Bd6 7.Be2 dxc4 8.Bxc4 b5
9.Be2 Bb7 10.e4 e5 11.Bg5 O-O 12.O-O-O exd4 13.Nxd4 Qc7 14.Kb1 Rfe8 15.Bxb5 Nxe4
16.Nxe4 cxb5 17.Nxd6 Qxd6 18.Nxb5 Qe5 19.Nd6 Bxg2 20.f4 Qxd6 21.Rxd6 Bxh1
22.Qd1 Be4+ 23.Ka1 Nc5 24.f5 Bxf5 25.Rd5 Nd3 26.Bd2 Bg6 27.Bc3 Rad8 28.Rxd8 Rxd8
29.a4 h5  1/2-1/2

[Event "6th WSCC U17"]
[Site "Kayseri TUR"]
[Date "2010.07.30"]
[Round "9"]
[White "Gor,O"]
[Black "Yapici,K"]
[Result "1/2-1/2"]
[WhiteElo "1871"]
[BlackElo "1848"]

1.d4 d5 2.c4 e6 3.Nc3 Nf6 4.Nf3 c6 5.e3 Nbd7 6.Bd3 dxc4 7.Bxc4 b5 8.Bd3 Bb7
9.O-O Bd6 10.Ne4 Nxe4 11.Bxe4 Nf6 12.Bd3 a6 13.e4 Nd7 14.e5 Be7 15.Be4 Qc7
16.Be3 O-O 17.Rc1 g6 18.Ng5 c5 19.Qf3 Bxg5 20.Bxg5 Bxe4 21.Qxe4 Rfc8 22.Qh4 c4
23.Rfd1 f5 24.Rc3 Nb6 25.d5 Nxd5 26.Rxd5 exd5 27.e6 Re8 28.Re3 d4 29.Qxd4 Rad8
30.Bxd8 Rxd8 31.Qc3 Rd1+ 32.Re1 Rxe1+ 33.Qxe1 Kf8 34.Qc3 Ke7 35.Qg7+ Kd6
36.Qf6 Qe7 37.Qd4+ Kxe6 38.g3 Qd6 39.Qe3+ Kf6 40.h4 b4 41.Qe8 Qd1+ 42.Kg2 Qd5+
43.Kg1 c3 44.bxc3 bxc3 45.Qh8+ Ke6 46.Qxc3 Qxa2 47.Qc8+ Kf7 48.Qd7+ Kg8 49.Qd8+ Kg7
50.Qd4+ Kf7 51.Qd7+ Kf6 52.Qxh7 Qb1+ 53.Kg2 Qe4+ 54.Kg1  1/2-1/2

[Event "Politiken Cup"]
[Site "Copenhagen DEN"]
[Date "2010.07.31"]
[Round "1"]
[White "Christiansen,Torsten Sundgaar"]
[Black "Hobber,A"]
[Result "0-1"]
[WhiteElo "1733"]
[BlackElo "2135"]

1.Nf3 d5 2.d4 Nf6 3.c4 e6 4.Nc3 c6 5.e3 Nbd7 6.a3 Bd6 7.Bd3 dxc4 8.Bxc4 O-O
9.Ng5 e5 10.Qf3 Nb6 11.Qe2 exd4 12.exd4 Nxc4 13.Qxc4 h6 14.Nf3 Re8+ 15.Be3 Ng4
16.Kd2 Be6 17.Qd3 Qb6 18.Na4 Qa5+ 19.Nc3 Bf5 20.Qc4 Qc7 21.h3 Nxe3 22.fxe3 Rad8
23.Rae1 b5 24.Qb3 Bg3 25.Re2 Be6 26.Qc2 Bc4 27.Rf1 Bxe2 28.Kxe2 Qe7 29.Qd3 a6
30.b4 a5 31.Nd2 axb4 32.axb4 Bd6 33.Qe4 Bxb4 34.Qxe7 Rxe7 35.Nce4 Bxd2  0-1

[Event "5th Festival"]
[Site "Edmonton CAN"]
[Date "2010.07.31"]
[Round "5"]
[White "Kraai,J"]
[Black "Porper,E"]
[Result "1/2-1/2"]
[WhiteElo "2502"]
[BlackElo "2441"]

1.Nf3 d5 2.c4 c6 3.e3 Nf6 4.Nc3 e6 5.d4 Nbd7 6.Bd2 Bd6 7.Bd3 dxc4 8.Bxc4 a6
9.O-O O-O 10.Qc2 c5 11.Bd3 Qc7 12.Rac1 Qb8 13.Ne4 Nxe4 14.Bxe4 h6 15.h3 Ra7
16.Rfd1 b6 17.Bc3 c4 18.Ne5 Nxe5 19.dxe5 Be7 20.Qa4 b5 21.Qa5 Bb7 22.Bxb7 Rxb7
23.f4 Rc8 24.Bb4 Bxb4 25.Qxb4 Qa7 26.Kf2 a5 27.Qd6 Rbc7 28.Rd4 Rc6 29.Qd7 Qxd7
30.Rxd7 c3 31.b3 b4 32.Ke2 Kf8 33.Ra7 Rd8 34.Rd1 Rxd1 35.Kxd1 Rc5 36.e4 g5
37.g3 gxf4 38.gxf4 Kg7 39.Kc2 Kg6 40.Rd7 Rc8 41.a3 bxa3 42.Rd4 Rc5 43.Ra4 Kh5
44.Rxa3 Kh4 45.Ra4 Kg3 46.f5 Kf4 47.fxe6 fxe6 48.b4 axb4 49.Rxb4 Kxe5 50.Rb6 h5
51.h4 Kxe4 52.Rxe6+ Kf5 53.Re3 Rc4 54.Rxc3 Rxh4 55.Kd2 Rf4 56.Ke3 Kg4 57.Rc8 Kg3
58.Rh8 Rf5 59.Rg8+ Kh3 60.Ke2 h4 61.Rg1 Kh2 62.Rg8 h3 63.Rg7  1/2-1/2

[Event "Arctic Chess Challenge"]
[Site "Tromso NOR"]
[Date "2010.07.31"]
[Round "1"]
[White "Eriksson,Mag2"]
[Black "Sandipan,C"]
[Result "0-1"]
[WhiteElo "2165"]
[BlackElo "2637"]

1.d4 d5 2.c4 c6 3.Nc3 Nf6 4.Nf3 e6 5.e3 Nbd7 6.Qc2 Bd6 7.g4 h6 8.h3 b5 9.e4 b4
10.e5 bxc3 11.exd6 cxb2 12.Bxb2 Ne4 13.c5 Qa5+ 14.Nd2 Rb8 15.Rb1 O-O 16.h4 e5
17.f3 Nxd2 18.Qxd2 Qxa2 19.Bd3 exd4 20.Qc2 Nxc5 21.Bh7+ Kh8 22.Bxd4 Rxb1+
23.Qxb1 Re8+ 24.Kf1 Qe2+ 25.Kg1 Qxf3  0-1

[Event "5th FIDE GP w"]
[Site "Ulaanbaatar MGL"]
[Date "2010.07.31"]
[Round "2"]
[White "Koneru,H"]
[Black "Sebag,M"]
[Result "1-0"]
[WhiteElo "2600"]
[BlackElo "2519"]

1.d4 d5 2.c4 c6 3.Nc3 Nf6 4.e3 e6 5.Nf3 Nbd7 6.Qc2 Bd6 7.b3 O-O 8.Bb2 e5
9.Be2 e4 10.Nd2 a6 11.g4 b5 12.g5 Ne8 13.cxd5 cxd5 14.Nxd5 Bb7 15.Nc3 Rc8
16.a3 Qxg5 17.Ndxe4 Qg2 18.Rf1 Bxh2 19.b4 Nef6 20.Nc5 Nxc5 21.bxc5 Bg1 22.Qf5 Ne4
23.Qf3 Qg6 24.Nxe4 Bxe4 25.Qf4 Qg2 26.Qg4 Bh2 27.O-O-O Qxg4 28.Bxg4 f5 29.Be2 Bd5
30.f3 Rfe8 31.Kd2 Bc7 32.Bc3 Re6 33.Bd3 Rf8 34.Rde1 Bg3 35.Re2 Bh4 36.Rg2 h6
37.e4 fxe4 38.fxe4 Bxe4 39.Rxf8+ Kxf8 40.Bxe4 Rxe4 41.Kd3 Rf4 42.c6 Bd8 43.d5 Rc4
44.Rxg7 Be7 45.Rh7 Bd6 46.Rxh6 Bf4 47.Rh4 Ke7 48.Bd2  1-0

[Event "TCh-MNE Premier League"]
[Site "Cetinje MNE"]
[Date "2010.08.01"]
[Round "9"]
[White "Drasko,M"]
[Black "Nikcevic,N"]
[Result "0-1"]
[WhiteElo "2505"]
[BlackElo "2409"]

1.d4 d5 2.c4 c6 3.Nc3 Nf6 4.e3 e6 5.Nf3 Nbd7 6.Qc2 Bd6 7.b3 O-O 8.Be2 a6
9.O-O e5 10.cxd5 cxd5 11.dxe5 Nxe5 12.Bb2 Be6 13.Rad1 Nxf3+ 14.Bxf3 Qc7 15.h3 Bh2+
16.Kh1 Be5 17.Qd2 Rac8 18.Ne2 Bxb2 19.Qxb2 Qc2 20.Rd2 Qxb2 21.Rxb2 Rc5 22.Nd4 Rfc8
23.Kh2 Kf8 24.b4 Rc3 25.b5 a5 26.b6 Ke7 27.Rfb1 Bd7 28.g4 h6 29.Kg2 a4 30.Rd1 g6
31.Rdd2 R8c5 32.Ne2 a3 33.Rb1 Rc2 34.Rbd1 Rb2 35.Rxb2 axb2 36.Rb1 Rb5 37.Nc3 Rxb6
38.Nxd5+ Nxd5 39.Bxd5 Be6 40.Bxe6 Kxe6 41.Kf3 Kd5 42.Ke2 Kc4 43.Kd2 Rf6 44.f4 Rb6
45.g5 hxg5 46.fxg5 Kd5 47.Kd3 Ke5 48.a4 Kf5 49.Kc4 Kxg5 50.a5 Rc6+ 51.Kd3 Kh4
52.Rxb2 Rc7 53.Ke4 Kxh3 54.Kf4 Rc4+ 55.Kg5 Rc5+ 56.Kh6 g5 57.Rxb7 g4 58.a6 Ra5
59.Rxf7 g3 60.a7 g2 61.Rf3+ Kh2 62.Rf2 Kg3 63.Rf7 Kh2 64.Rf2 Rxa7 65.Kg5 Re7  0-1

[Event "Politiken Cup"]
[Site "Copenhagen DEN"]
[Date "2010.08.01"]
[Round "2"]
[White "Hansen,Herl"]
[Black "Halldorsson,Br"]
[Result "1/2-1/2"]
[WhiteElo "2026"]
[BlackElo "2253"]

1.d4 c6 2.c4 d5 3.e3 Nf6 4.Nc3 e6 5.Nf3 Nbd7 6.Qc2 Bd6 7.g4 Nxg4 8.Rg1 Nh6
9.e4 dxe4 10.Bxh6 gxh6 11.Qxe4 Qf6 12.O-O-O Qf4+ 13.Kc2 Qxe4+ 14.Nxe4 Be7
15.Bd3 Nf8 16.c5 Ng6 17.Ne5 f5 18.Nd6+ Bxd6 19.cxd6 Bd7 20.Rde1 Nxe5 21.dxe5 Kf7
22.Re3 Rag8 23.Reg3 Rxg3 24.Rxg3 Rg8 25.Rxg8 Kxg8 26.f4 Kg7 27.Be2 Kf8 28.Bh5 Kg7
29.Kc3 Kf8 30.Kb4 Bc8 31.a4 Bd7 32.a5 b6 33.Bf3 Ke8 34.Kc4 Kf8 35.Kc3 Ke8
36.b4 Kf8 37.Be2 Ke8 38.Ba6 Kd8 39.Bb7 Be8 40.Kd4 Bd7 41.Kc4 Be8 42.b5 c5
43.Bc6 Bh5 44.axb6 axb6 45.Kc3  1/2-1/2

[Event "Politiken Cup"]
[Site "Copenhagen DEN"]
[Date "2010.08.01"]
[Round "3"]
[White "Tozaki,H"]
[Black "Kopperberg,Steen"]
[Result "1-0"]
[WhiteElo "2030"]
[BlackElo "1798"]

1.d4 d5 2.c4 c6 3.Nf3 Nf6 4.e3 e6 5.Nc3 Nbd7 6.Qc2 dxc4 7.Bxc4 b5 8.Bd3 Bb7
9.O-O Be7 10.e4 b4 11.Na4 h6 12.Rd1 Qc8 13.h3 Ba6 14.Be3 Bxd3 15.Qxd3 Nb6
16.Nc5 Nbd7 17.Nxd7 Nxd7 18.Rac1 Qb7 19.b3 O-O 20.Rc2 Rac8 21.Rdc1 Nf6 22.Ne5 c5
23.dxc5 Qxe4 24.Qxe4 Nxe4 25.c6 Nc3 26.Bd4 Nb5 27.Bc5 Bxc5 28.Rxc5 Nc3 29.Rc2 Rc7
30.Nd3 Nd5 31.Rb5 Rfc8 32.Nxb4 Nxb4 33.Rxb4 Rxc6 34.Rxc6 Rxc6 35.Rb8+ Kh7
36.Rb7 Rc1+ 37.Kh2 a5 38.Rxf7 Rc2 39.a4 Kg6 40.Rf8 e5 41.f3 Rb2 42.Rb8 Kf5
43.Rb5 h5 44.h4 Kf4 45.Rb7 e4 46.fxe4 Kxe4 47.Rxg7 Rxb3 48.Rg5 Kf4 49.g3+ Kf3
50.Rf5+ Ke4 51.Rxh5 Kf3 52.Rf5+ Kg4 53.Rg5+ Kf3 54.Rxa5 Ra3 55.Rf5+ Kg4 56.Rf4+ Kh5
57.Kh3 Ra2 58.g4+ Kh6 59.h5 Ra1 60.Rf6+ Kg7 61.Ra6  1-0